Destins des traces : Revue de Psychanalyse (notice n° 1548807)
[ vue normale ]
| 000 -LEADER | |
|---|---|
| fixed length control field | 00970cam a2200121 4500500 |
| 005 - DATE AND TIME OF LATEST TRANSACTION | |
| control field | 20251012042500.0 |
| 041 ## - LANGUAGE CODE | |
| Language code of text/sound track or separate title | fre |
| 042 ## - AUTHENTICATION CODE | |
| Authentication code | dc |
| 245 00 - TITLE STATEMENT | |
| Title | Destins des traces : Revue de Psychanalyse |
| 260 ## - PUBLICATION, DISTRIBUTION, ETC. | |
| Name of publisher, distributor, etc. | L'Harmattan,<br/> |
| Date of publication, distribution, etc. | 2005.<br/> |
| 520 ## - SUMMARY, ETC. | |
| Summary, etc. | Traces et inscriptions sont aux fondements de la psychanalyse. Que deviennent les traces mnésiques&#8239;? Freud avance que leur traduction produisait, en une même opération, leur effacement et leur inscription. C’est cette opération que Lacan a ensuite identifiée comme celle du signifiant. N’existerait-il pas cependant, en dehors de leur refoulement par absence de traduction, d’autres destins pour les traces&#8239;? Fragiles, éphémères, les traces sont toujours le legs d’une assignation à peine pressentie. De l’effacement des traces, le sujet y trouve sa chance d’exister. |
| 856 41 - ELECTRONIC LOCATION AND ACCESS | |
| Uniform Resource Identifier | <a href="https://shs.cairn.info/destins-des-traces--9782747586900?lang=fr&redirect-ssocas=7080">https://shs.cairn.info/destins-des-traces--9782747586900?lang=fr&redirect-ssocas=7080</a> |
Pas d'exemplaire disponible.




Réseaux sociaux